000
00275nam a22001337a 4500
008
170407b xxu||||| |||| 00| 0 eng d
020
_a
9780397516759
041
_a
eng
080
_a
616
100
_a
9
101
_a
SHM
245
_a
GASTRIS
_c
GRAHM.D.Y
942
_2
udc
_c
BK
999
_c
10110
_d
10110